Materias primas en el costo industrial (Registro nro. 2755)
[ vista simple ]
| 000 -LEADER | |
|---|---|
| fixed length control field | 01042 a2200193 4500 |
| 001 - CONTROL NUMBER | |
| control field | 37433 |
| 005 - DATE AND TIME OF LATEST TRANSACTION | |
| control field | 20260407155642.0 |
| 008 - FIXED-LENGTH DATA ELEMENTS--GENERAL INFORMATION | |
| fixed length control field | 260407a1973 arg spa d |
| 003 - CONTROL NUMBER IDENTIFIER | |
| control field | AR-UNSa-BCEJYS |
| 040 ## - CATALOGING SOURCE | |
| Original cataloging agency | AR-UNSa-BCEJYS |
| Language of cataloging | spa |
| Transcribing agency | AR-UNSa-BCEJYS |
| 080 ## - UNIVERSAL DECIMAL CLASSIFICATION NUMBER | |
| Universal Decimal Classification number | 657.471.1 |
| Common auxiliary subdivision | Clases de costos. Costos de producción<br/> |
| 100 1# - MAIN ENTRY--PERSONAL NAME | |
| Personal name | Giménez, Carlos Manuel |
| 245 10 - TITLE STATEMENT | |
| Title | Materias primas en el costo industrial |
| Name of part/section of a work | la gestión de la compras |
| 264 #1 - PRODUCTION, PUBLICATION, DISTRIBUTION, MANUFACTURE, AND COPYRIGHT NOTICE | |
| Place of production, publication, distribution, manufacture | Buenos Aires : |
| Name of producer, publisher, distributor, manufacturer | El Coloquio |
| Date of production, publication, distribution, manufacture, or copyright notice | 1973 |
| 300 ## - PHYSICAL DESCRIPTION | |
| Extent | 138 p. |
| Dimensions | 22 cm. |
| 505 ## - FORMATTED CONTENTS NOTE | |
| Formatted contents note | 1. Defininición de stocks - 2. Clasificación de los stocks - 3. Interrogantes que plantea la economicidad del suministro - 4. El funcionamiento de una gerencia de compras y almacenes. Funciones y atribuciones relevantes.Caso práctico. Niveles de decisión y asignación de tareas - 5. Aplicación de métodos de Monte Carlo para la obtención del stock mínimo - 6. Tratamiento técnico y contable de los desechos. Recortes o scraps en la producción. |
| 590 ## - LOCAL NOTE (RLIN) | |
| Local note | niveau_biblio:m niveau_hierar:0 |
| 942 ## - ADDED ENTRY ELEMENTS (KOHA) | |
| Koha item type | |
| Withdrawn status | Lost status | Damaged status | Not for loan | Home library | Current library | Shelving location | Date acquired | Total checkouts | Full call number | Barcode | Date last seen | Price effective from | Koha item type |
|---|---|---|---|---|---|---|---|---|---|---|---|---|---|
| Biblioteca Prof. Eusebio Cleto del Rey | Biblioteca Prof. Eusebio Cleto del Rey | 07/04/2026 | 657.471.1 G491 | L12319 | 07/04/2026 | 07/04/2026 | Libro | ||||||
| Biblioteca Prof. Eusebio Cleto del Rey | Biblioteca Prof. Eusebio Cleto del Rey | 07/04/2026 | 657.471.1 G491 | L12320 | 07/04/2026 | 07/04/2026 | Libro |